Decorative Arts (Record no. 456)

MARC details
000 -CABECERA
campo de control de longitud fija 00922nam a2200229 a 4500
001 - NÚMERO DE CONTROL
campo de control BRCA_524
005 - FECHA Y HORA DE LA ÚLTIMA TRANSACCIÓN
campo de control 20190320203040.0
008 - DATOS DE LONGITUD FIJA--INFORMACIÓN GENERAL
campo de control de longitud fija 930216s1993 caua---##b---#001-0#eng-#
020 ## - NÚMERO INTERNACIONAL ESTÁNDAR DEL LIBRO
Número Internacional Estándar del Libro 0892362219
050 #4 - SIGNATURA TOPOGRÁFICA DE LA BIBLIOTECA DEL CONGRESO
Número de clasificación NK460
Número de documento/Ítem .B74 1993
100 1# - ENTRADA PRINCIPAL--NOMBRE DE PERSONA
Nombre de persona Bremer-David, Charissa
9 (RLIN) 1809
245 10 - MENCIÓN DE TÍTULO
Título Decorative Arts
Resto del título an Illustrated Summary Catalogue of the Collections of the J. Paul Getty Museum
Mención de responsabilidad, etc. Charissa Bremer-David with Peggy Fogelman, Peter Fusco, Catherine Hess.
260 ## - PUBLICACIÓN, DISTRIBUCIÓN, ETC.
Lugar de publicación, distribución, etc. Malibu, California
Nombre del editor, distribuidor, etc. J. Paul Getty Museum
Fecha de publicación, distribución, etc. 1993
300 ## - DESCRIPCIÓN FÍSICA
Extensión 308 p.
Otras características físicas il.
Dimensiones 22 cm.
500 ## - NOTA GENERAL
Nota general Incluye índice de marcas e índice de propietarios anteriores
610 24 - PUNTO DE ACCESO ADICIONAL DE MATERIA--NOMBRE DE ENTIDAD CORPORATIVA
Nombre de entidad corporativa o nombre de jurisdicción como elemento de entrada J. Paul Getty Museum
Subdivisión de forma Catálogos
Subdivisión geográfica California (Estados Unidos)
9 (RLIN) 1549
650 14 - PUNTO DE ACCESO ADICIONAL DE MATERIA--TÉRMINO DE MATERIA
Término de materia o nombre geográfico como elemento de entrada Artes decorativas
Subdivisión de forma Catálogos
Subdivisión geográfica California (Estados Unidos)
9 (RLIN) 1810
700 1# - PUNTO DE ACCESO ADICIONAL--NOMBRE DE PERSONA
Nombre de persona Fogelman, Peggy
9 (RLIN) 1811
700 1# - PUNTO DE ACCESO ADICIONAL--NOMBRE DE PERSONA
Nombre de persona Fusco, Peter
9 (RLIN) 1812
700 1# - PUNTO DE ACCESO ADICIONAL--NOMBRE DE PERSONA
Nombre de persona Hess, Catherine
9 (RLIN) 1813
942 ## - ELEMENTOS DE PUNTO DE ACCESO ADICIONAL (KOHA)
Fuente del sistema de clasificación o colocación Library of Congress Classification
Tipo de ítem Koha Libros
Holdings
Estado de retiro Estado de pérdida Estado dañado No para préstamo Localización permanente Ubicación/localización actual Fecha de adquisición Total de préstamos Signatura topográfica completa Código de barras Fecha visto por última vez Precio válido a partir de Tipo de ítem Koha
El ejemplar forma parte de la colección y puede ser consultado según las políticas vigentes.       Biblioteca del Museo Franz Mayer (Rogerio Casas-Alatriste) Biblioteca del Museo Franz Mayer (Rogerio Casas-Alatriste) 25/06/2008   NK460 .B74 1993 00839 22/03/2019 22/03/2019 Libros